Algunos aspectos de la escultura del Renacimiento en Aragón en la primera mitad del siglo XVI (Record no. 81842)

MARC details
000 -LEADER
campo de control de longitud fija 00996nam a2200217 i 4500
001 - NÚMERO DE CONTROL
campo de control 81842
003 - IDENTIFICADOR DE NÚMERO DE CONTROL
campo de control ES-MaACL
005 - FECHA Y HORA DE LA ÚLTIMA TRANSACCIÓN
campo de control 20231227193958.0
007 - CAMPO FIJO DE DESCRIPCIÓN FÍSICA--INFORMACIÓN GENERAL
campo de control de longitud fija t|
008 - DATOS DE LONGITUD FIJA--INFORMACIÓN GENERAL
campo de control de longitud fija 041108s1956 sp ||||1| spa d
100 1# - ENTRADA PRINCIPAL--NOMBRE DE PERSONA
Nombre de persona Ibáñez Martín, José,
Fechas asociadas al nombre 1896-1969
9 (RLIN) 64934
245 10 - MENCIÓN DEL TÍTULO
Título Algunos aspectos de la escultura del Renacimiento en Aragón en la primera mitad del siglo XVI
Resto del título : Gabriel Yoly, su vida y su obra /
Mención de responsabilidad, etc. discurso académico [de] José Ibáñez Martínez y contestación [de] Juan Contreras Marqués de Lozoya.
260 ## - PUBLICACIÓN, DISTRIBUCIÓN, ETC.
Lugar de publicación, distribución, etc. Madrid :
Nombre del editor, distribuidor, etc. [s.n.,
Fecha de publicación, distribución, etc. 1956] (
Fabricante Blass)
300 ## - DESCRIPCIÓN FÍSICA
Extensión 52 p., 4 lám. ;
Dimensiones 31 cm.
500 ## - NOTA GENERAL
Nota general Precede al tít.: Instituto de España. Real Academia de Bellas Artes de San Fernando.
700 1# - ENTRADA AGREGADA--NOMBRE PERSONAL
Nombre de persona Lozoya, Juan de Contreras y López de Ayala,
Títulos y otros términos asociados al nombre Marqués de,
Fechas asociadas al nombre 1893-1978
9 (RLIN) 129112
710 2# - ENTRADA AGREGADA--NOMBRE DE ENTIDAD CORPORATIVA
Nombre de entidad corporativa o nombre de jurisdicción como elemento de entrada Instituto de España.
9 (RLIN) 4873
710 2# - ENTRADA AGREGADA--NOMBRE DE ENTIDAD CORPORATIVA
Nombre de entidad corporativa o nombre de jurisdicción como elemento de entrada Real Academia de Bellas Artes de San Fernando.
9 (RLIN) 6291
852 ## - LOCALIZACIÓN
Ubicación ES-MaACL
Número de control de estantería C-10737
Sublocalización o colección R.38406
Holdings
Estatus retirado Estado de pérdida Estado de daño No para préstamo Biblioteca de origen Biblioteca actual Ubicación en estantería Fecha de adquisición Fuente de adquisición Total de préstamos Signatura topográfica completa Código de barras Visto por última vez Precio de reemplazo Tipo de ítem Koha
        Biblioteca del Ateneo de Madrid Biblioteca del Ateneo de Madrid Sala Palomar 17/01/2008     C-10737 1085542 23/02/2023 23/02/2023 Libro impreso